000 00446nmm a2200169Ia 4500
008 251105s9999||||xx |||||||||||||||||und||
020 _a9788492617869
041 _aspa
100 _aGarcerán, Menchu
245 0 _aLa fórmula deseada
264 _a[Madrid, España] :
_bTerciopelo,
_c2011
300 _a236 páginas
490 _aTerciopelo
650 _aRomance
856 _uhttps://public.digitaliapublishing.com/a/38413
942 _cCF
999 _c89001
_d89001